00660nam a2200121Ia 4500008004100000020001800041245015500059260002200214440006000236650017500296650002200471856004500493171212s9999 xx 000 0 und d a9781921536120 ceditor Wilson, Trevor;Cooke, GrahamaSteady Hands NeededbReflections on the role of the Secretary of Foreign Affairs and Trade in Australia 1979-1999 bANU E Pressc2008 aAustralia and New Zealand School of Government (ANZSOG) aAustralia; Dept. of Foreign Affairs; Australia; Dept. of Foreign Affairs and Trade; Australia -- Foreign relations -- 1976-; Australia -- Foreign relations administration aPolitical Science uwww.jstor.org/stable/10.2307/j.ctt24hc27